初等科地理にある街 - Statistics

General Stats
  • This quiz has been taken 143 times
  • The average score is 119 of 216
Answer Stats
所属
(庁府県道州・郡)
市町村・朝鮮府邑面 備考 % Correct
2本州・四国・九州 東京府 東京市 1943年7月消滅
98%
京都府 京都市
98%
愛知県 名古屋市
97%
群馬県 前橋市
96%
兵庫県 神戶市
95%
青森県 靑森市
95%
3帝都のある關東平野 神奈川県 横濱市
95%
高崎市
93%
宇部市
91%
津市
90%
新潟県 新潟市
86%
東京府 八王子市
85%
大阪府 大阪市
85%
千葉県 千葉市
84%
神奈川県 川崎市
83%
大宮市
83%
栃木県 宇都宮市
83%
9東京から靑森まで 埼玉県 浦和市 2001年消滅
78%
神奈川県 横須賀市
76%
靜岡市
76%
佐賀県 佐賀市
76%
神奈川県 小田原市
75%
北海道渡島支庁 函館市
75%
濱松市
74%
大阪府 堺市
74%
5神戸から下關まで 山口県 下關市
74%
沖縄県 那覇市
74%
鳥取県会見郡 境町 1954年合併 1956年市制
74%
岐阜県 岐阜市
73%
滋賀県 大津市
73%
奈良県 奈良市
73%
北海道石狩支庁 札幌市
73%
愛知県 豐橋市
72%
三原市
72%
香川県 高松市
72%
松山市
72%
8中央の高地 長野県 松本市
72%
長野市
72%
宮城県 仙臺市
72%
山形市
72%
北海道釧路国支庁 釧路市
72%
北海道 根室支庁 根室市
72%
群馬県 伊勢崎市
71%
長崎県 長崎市
71%
熊本県 熊本市
71%
石川県 金澤市
71%
山梨県 甲府市
71%
茨城県 水戸市
71%
熱海市
70%
和歌山市
70%
岡山県 岡山市
70%
高知県 高知市
70%
宮崎県 宮崎市
70%
富山県 富山市
70%
島根県 松江市
70%
盛岡市
70%
北海道 宗谷支庁 稚内市
70%
12臺灣と南洋群島 高雄州 高雄市
70%
栃木県上都賀郡 日光町 1954年市制 2006年合併
69%
姫路市
69%
倉敷市
69%
山口市
69%
徳島県 德島市
69%
大分市
69%
福井県 福井市
69%
秋田県 秋田市
69%
埼玉県 熊谷市
68%
吳市
68%
福岡市
68%
佐世保市
68%
大分県 別府市
68%
鳥取県 鳥取市
68%
福島市
68%
北海道十勝支庁 帶廣市
68%
群馬県 桐生市
67%
大垣市
67%
広島県 福山市
67%
山口県 岩國市
67%
長岡市
67%
福島県 郡山市
67%
青森県 弘前市
67%
北海道上川支庁 旭川市
67%
岡崎市
66%
今治市
66%
鹿児島県 鹿兒島市
66%
高岡市
66%
敦賀市
66%
米子市
66%
静岡県 三島市
65%
三重県 四日市市
65%
朝鮮 慶尚南道 釜山府
65%
兵庫県 明石市
65%
6九州とその島々 福岡県 小倉市 1963年消滅
65%
千葉県印旛郡 成田町 1954年市制
64%
福島県西白河郡 白河町 1949年市制
64%
福島県 平市 1967年消滅
64%
山形県 酒田市
64%
10北海道と樺太 北海道後志支庁 小樽市
64%
群馬県甘楽郡 富岡町 1954年市制
63%
長野県北佐久郡 輕井澤町
63%
兵庫県 尼崎市
63%
山口県 萩市
63%
長野県 上田市
63%
山形県 鶴岡市
63%
台北州 臺北市
63%
沼津市
62%
米原町 2005年市制
62%
尾道市
62%
丸亀市
62%
愛媛県 宇和島市
62%
若松市
62%
福島県 若松市 1955年改称
62%
栃木県 足利市
61%
千葉県 銚子市
61%
愛知県 一宮市
61%
滋賀県 彥根市
61%
北海道胆振支庁 室蘭市
61%
西宮市
60%
久留米市
60%
石卷市
60%
北海道胆振支庁 勇払郡 苫小牧町 1948年市制
60%
台南州 臺南市
60%
4東京から神戸まで 神奈川県足柄下郡 箱根町
59%
日立市
59%
山形県 米澤市
59%
樺太 豐原市
59%
延岡市
58%
飯田市
58%
德山市 2003年消滅
57%
大分県 中津市
57%
濱田市
57%
台中州 臺中市
57%
静岡県 淸水市 2003年消滅
55%
松阪市
55%
福岡県 門司市 1963年消滅
55%
滋賀県坂田郡 長濱町 1943年市制
54%
西條市
54%
福知山市
54%
鎌倉市
53%
琴平町
53%
愛媛県 新居濱市
53%
八幡市
53%
樺太真岡支庁 真岡郡 眞岡町
53%
和歌山県 新宮市
52%
香川県仲多度郡 多度津町
52%
千葉県 野田市
51%
直江津市 1954年市制 1971年消滅
51%
秋田県平鹿郡 横手町 1951年市制
51%
岐阜県不破郡 關原町
50%
大牟田市
50%
高田市 1971年消滅
50%
秋田県 能代市
50%
京畿道 京城府
50%
香川県 坂出市
49%
岩手県 釜石市
49%
敷香町
48%
栃木県塩谷郡 塩原町 2005年合併市制
46%
兵庫県 赤穂市
46%
樺太豊原支庁 大泊郡 大泊町
46%
北海道空知支庁 岩見澤市
46%
7北陸と山陰 新潟県 柏崎市
45%
岸和田市
44%
戶畑市
44%
塩釜市
44%
平安南道 平壌府
41%
宇治山田市 1955年改称
40%
北海道空知支庁 空知郡 瀧川町 1958年市制
40%
山口県 防府市
39%
樺太真岡支庁 本斗郡 本斗町
39%
岐阜県 多治見市
38%
新津市 1951年市制 2005年消滅
38%
京都府 東舞鶴市 1943年5月消滅
38%
京畿道 仁川府
36%
北海道石狩支庁 札幌郡 江別町 1954年市制
35%
廣島市
34%
樺太恵須取支庁 恵須取郡 惠須取町
34%
首里市 1954年消滅
33%
佐賀県西松浦郡 有田町
32%
忠清南道 大田府
31%
愛知県 瀨戶市
30%
秋田県鹿角郡 小坂町
27%
関東州 大連市
25%
足尾町 2006年消滅
24%
慶尚北道 大邱府
23%
新竹州 新竹市
23%
兵庫県多可郡 西脇町 1952年合併市制
22%
山梨県東山梨郡 勝沼町 2005年消滅
22%
静岡県田方郡 修善寺町 2004年消滅
21%
群馬県北群馬郡 伊香保町 2006年消滅
19%
台南州 嘉義市
19%
平安北道 新義州府
16%
咸鏡南道 元山府
16%
花蓮港庁 花蓮港市
16%
澎湖庁馬公支庁 馬公街
16%
旅順市
15%
青森県上北郡 三本木町 1955年市制1956年改称
14%
開城府
14%
11朝鮮と關東州 咸鏡北道 淸津府
13%
羅津府
12%
大分県北海部郡 佐賀關町 2005年消滅
11%
咸鏡南道 咸興府
11%
台北州 基隆市
11%
東京府南多摩郡 淺川町 1959年消滅
10%
長野県更級郡 川中島村 1956年合併町制 1966年消滅
7%
全羅南道 木浦府
7%
咸鏡北道 会寧郡 會寧邑
7%
南洋庁本庁 コロール
7%
兵庫県飾磨郡 廣畑町 1946年消滅
6%
樺太敷香支庁 敷香郡 知取町
5%
平安南道 鎭南浦府
5%
咸鏡南道 興南府
4%
高雄州 屏東市
4%
咸鏡北道鏡城郡 羅南邑
3%
咸鏡北道慶興郡 雄基面
2%
全羅北道 群山府
1%
慶尚南道昌原郡 鎭海面
1%
No matching quizzes found
Score Distribution
Percent of People with Each Score
Percentile by Number Answered
Your Score History
You have not taken this quiz